Tabuada de 2 - Statistics

Estatísticas Gerais
  • Esse quiz foi jogado 872 vezes
  • A pontuação média é 18 de 21
Estatísticas das Respostas
Hint Resposta % Correto
2x1 2
100%
2x2 4
100%
2x3 6
99%
2x4 8
97%
2x5 10
96%
2x6 12
96%
2x7 14
96%
2x8 16
95%
2x9 18
95%
2x10 20
94%
2x11 22
91%
2x12 24
91%
2x13 26
87%
2x14 28
84%
2x15 30
80%
2x16 32
77%
2x17 34
74%
2x18 36
72%
2x19 38
68%
2x20 40
64%
2x123456789 246913578
5%
Nenhum quiz correspondente encontrado
Distribuição das Pontuações
Porcentagem de Pessoas com Cada Pontuação
Percentil de Números Respondidos
Sua Pontuação Histórica
Você não jogou esse quiz